000 01152cam a2200325 i 4500
999 _c127405
_d127405
001 1360619
003 ARRUPE
005 20180116120927.0
008 820402s1977 cg a b 001 0 fre
010 _a 80145804
020 _a8439966040
040 _aDLC
_cDLC
_dDLC
043 _af-cg---
050 0 0 _aGN480.33
_b.H685
082 0 0 _a398/.354
_219
100 1 _aHochegger, Hermann.
_938498
245 1 3 _aLa polygamie dans les mythes sakata /
_cHermann Hochegger.
260 _aBandundu [République du Zaïre] :
_bCeeba,
_cc1977.
300 _a288 p. :
_bill. ;
_c24 cm.
490 1 _aPublications - Ceeba : Série 2 ;
_vv. 37
500 _aIncludes index.
504 _aBibliography: p. 277-280.
650 0 _aSakata (African people)
_xPolygamy
_938499
830 0 _aPublications (Ceeba).
_nSérie II ;
_vv. 37.
_938500
906 _a7
_bcbc
_corignew
_d4
_encip
_f19
_gy-gencatlg
942 _2lcc
_cMONOGRAPH